| 000 | 01267nam0a22002771 4500 | ||
|---|---|---|---|
| 001 | rc\195606 | ||
| 005 | 20260407090124.0 | ||
| 010 |
_a5-02-004164-5 _9450 |
||
| 035 | _a(NLR Aleph) 005450409 | ||
| 090 |
_a4851328 _c4851328 |
||
| 100 | _a20030307d1992 |||y0rusy50 ca | ||
| 101 | 0 | _arus | |
| 102 | _aRU | ||
| 105 | _aa ||||||||| | ||
| 200 | 1 |
_aДмитрий Анатольевич Сабинин в воспоминаниях современников _e[Сборник _fРос. АН. Ин-т физиологии растений им. К.А. Тимирязева _gСоставители М.Г. Зайцева, Ю.Л. Цельникер] _gОтв. ред. В.Н. Жолкевич |
|
| 210 |
_aМ. _cНаука _d1992 |
||
| 215 |
_a229, [2] с. _cил. _d22 |
||
| 225 | 1 | _aСерия "Ученые России. Очерки, воспоминания, материалы" | |
| 702 | 1 |
_aЗайцева _bМ.Г. _4220 |
|
| 702 | 1 |
_aЖолкевич _bВ.Н. _gВладимир Николаевич _4340 |
|
| 712 | 0 | 2 |
_aИнститут физиологии растений им. К. А. Тимирязева _cМосква _9300635 _3RU\NLR\AUTH\8813782 |
| 801 | 0 |
_aRU _bNLR _gpsbo |
|
| 801 | 1 |
_aRU _bELAR _2rusmarc |
|
| 852 |
_aNLR _j92-5/2372 |
||
| 942 | _cBOOK | ||
| 980 | _aNB | ||